000 00868cam a22002297a 4500
005 20160224104522.0
008 960913s1996 fr b 000 0 eng
040 _aDLC
_cDLC
_dDLC
_dCO-BoIAVH
041 0 _aeng
044 _afr
082 0 4 _a333.714
_bO18g
100 1 _aO'Connor, David C.,
_d1953-
245 1 0 _aGrow now/clean later, or the pursuit of sustainable development? /
_cby David O'Connor
260 _aParís (Francia) :
_bOrganisation for Economic Co-operation and Development,
_c1996.
300 _a53 páginas ;
_c30 x 21 cm.
490 0 _aOECD Technical papers ;
_v111
504 _aIncluye referencias bibliográficas (páginas 45-47).
650 6 _aDesarollo sostenible
_zAsia oriental.
650 6 _aDesarrollo ecoómico
_xAspectos ambientales.
651 6 _aAsia oriental
_xPolítica económica.
942 _2ddc
_cLIBRO
999 _c1915
_d1915